000 00384nam a2200133Ia 4500
005 20260326100031.0
008 260326s9999||||xx |||||||||||||| ||und||
100 _aChermayeff, Serge
245 0 _aComunidad y privacidad :
_b Hacia una Nueva Arquitectura Humanista /
_cSerge Chermayeff
260 _bEdiciones Nueva Visión
300 _a280 p.
650 _aDISEÑO URBANO
942 _cBK
999 _c6618
_d6618